| 000 | 01263nam a2200313 a 4500 | ||
|---|---|---|---|
| 001 | ebr10653563 | ||
| 003 | CaPaEBR | ||
| 006 | m u | ||
| 007 | cr cn||||||||| | ||
| 008 | 121127s2013 njua sb 001 0 eng d | ||
| 010 | _z 2012041642 | ||
| 020 | _z9781118350003 (cloth) | ||
| 020 | _z9781118420348 (e-book) | ||
| 040 |
_aCaPaEBR _cCaPaEBR |
||
| 035 | _a(OCoLC)820553433 | ||
| 050 | 1 | 4 |
_aR855.3 _b.F37 2013eb |
| 082 | 0 | 4 |
_a610.285 _223 |
| 100 | 1 | _aFasano, Philip. | |
| 245 | 1 | 0 |
_aTransforming health care _h[electronic resource] : _bthe financial impact of technology, electronic tools, and data mining / _cPhilip Fasano. |
| 260 |
_aHoboken, N.J. : _bJohn Wiley & Sons, Inc., _c2013. |
||
| 300 |
_axxiv, 209 p. : _bill. |
||
| 504 | _aIncludes bibliographical references and index. | ||
| 533 |
_aElectronic reproduction. _bPalo Alto, Calif. : _cebrary, _d2013. _nAvailable via World Wide Web. _nAccess may be limited to ebrary affiliated libraries. |
||
| 650 | 0 |
_aMedical technology _xEconomic aspects. |
|
| 650 | 0 | _aMedical care, Cost of. | |
| 655 | 7 |
_aElectronic books. _2local |
|
| 710 | 2 | _aebrary, Inc. | |
| 856 | 4 | 0 |
_uhttp://site.ebrary.com/lib/rucke/Doc?id=10653563 _zAn electronic book accessible through the World Wide Web; click to view |
| 999 |
_c74874 _d74874 |
||